000 01135nam a2200301 c 4500
003 BLK
005 20190419113358.0
008 180408b bul|||||r ||||||| ||bul||
010 _aKNG00070441000
040 _aBLK
041 _aBUL
_cBUL
080 _aАнглийска литература
_b821.111
_x-31
_z821.111-31
100 1 _aЧейс, Джеймс Хадли
_eпърви автор
_9369710
700 1 _aВучкова, Юлия
_eпрев. от англ.
_9292810
139 _aЧейс, Джеймс Хадли
_bЧ 49
245 1 0 _aВъпрос единствено на време
_bРоман
_cДжеймс Хадли Чейс; прев. от англ. Юлия Вучкова.
257 _aGBR
260 София
_bКлуб'90
_c1991
_fСофия : Балкан прес
300 _a160 с.
_c20 см
380 _aX
490 1 _aБиблиотека Безсъние
_v3
500 _aБез сведение за ориг. загл.
852 _aЦб 165508
856 4 _qpdf
_u
856 4 _qpdf
_u
942 _cKNG
_n0
_02
944 _aCR
_c10.01.2007
_kЦветанка_Енчева
944 _aED
_c21.09.2017
_kКети_Илиева
999 _c66153
_d66153